000 01474cam a2200373 a 4500
999 _c21489
_d21489
001 16485276
003 OSt
005 20200602101922.0
008 101001s2010 ii b 001 0 eng
010 _a 2010308237
020 _a9780198066446
020 _a0198066449
025 _aI-E-2010-308237; 61-90; 79-90
037 _bLibrary of Congress -- New Delhi Overseas Office
040 _aDLC
_coclc
_dDLC
042 _alcode
_apcc
043 _aa-ii---
050 0 0 _aHC433
_b.B33 2010
082 _a338.954009033
_bBAG/C
100 _aBagchi, Amiya Kumar
_92469
245 1 0 _aColonialism and Indian economy /
_cAmiya Kumar Bagchi
260 _aNew Delhi :
_bOxford University Press,
_c2010.
300 _a303p
490 0 _aOxford collected essays
504 _aIncludes bibliographical references (p. [264]-291) and index.
651 0 _aIndia
_xEconomic conditions.
651 0 _aIndia
_xHistory
_yBritish occupation, 1765-1947
856 4 1 _3Table of contents only
_uhttp://www.loc.gov/catdir/enhancements/fy1108/2010308237-t.html
856 4 2 _3Publisher description
_uhttp://www.loc.gov/catdir/enhancements/fy1108/2010308237-d.html
856 4 2 _3Contributor biographical information
_uhttp://www.loc.gov/catdir/enhancements/fy1108/2010308237-b.html
906 _a7
_bcbc
_corigode
_d3
_encip
_f20
_gy-gencatlg
942 _2ddc
_cBK
_h338.954009033
_iBAG/C
_k338.954009033
_mBAG/C